00372nam a2200145Ia 4500008004100000020001500041041001200056082001600068100001600084245005500100260002900155300000800184650001600192700001800208221030s9999 xx 000 0 und d a8170299918 aEnglish a105.23bCra aS. Crawford 0aABC`s of Windows 98cby S. Crawford, N. J. Salkind bBPB PubaNew Delhic1998 a357 aBE Computer aN. J. Salkind